<?xml version="1.0" encoding="UTF-8"?>
<record
    xmlns:xsi="http://www.w3.org/2001/XMLSchema-instance"
    xsi:schemaLocation="http://www.loc.gov/MARC21/slim http://www.loc.gov/standards/marcxml/schema/MARC21slim.xsd"
    xmlns="http://www.loc.gov/MARC21/slim">

  <leader>00730nam a22001937a 4500</leader>
  <controlfield tag="005">20230522015035.0</controlfield>
  <controlfield tag="008">221123b        |||||||| |||| 00| 0 eng d</controlfield>
  <datafield tag="020" ind1=" " ind2=" ">
    <subfield code="a">978-971-98-0873-2</subfield>
  </datafield>
  <datafield tag="082" ind1=" " ind2=" ">
    <subfield code="a">Fil. 651.75 B277 2018</subfield>
  </datafield>
  <datafield tag="100" ind1=" " ind2=" ">
    <subfield code="a">Barrot, Jessie S.</subfield>
    <subfield code="e">author </subfield>
  </datafield>
  <datafield tag="245" ind1=" " ind2=" ">
    <subfield code="a">Business correspondence with style:</subfield>
    <subfield code="b">a guide to effective business English and correspondence for college students and professionals /</subfield>
    <subfield code="c">Jessie S. Barrot </subfield>
  </datafield>
  <datafield tag="260" ind1=" " ind2=" ">
    <subfield code="a">Quezon City:</subfield>
    <subfield code="b">C &amp; E Publishing,</subfield>
    <subfield code="c">c2018.</subfield>
  </datafield>
  <datafield tag="300" ind1=" " ind2=" ">
    <subfield code="a">viii, 321p.;</subfield>
    <subfield code="b">ill.</subfield>
  </datafield>
  <datafield tag="504" ind1=" " ind2=" ">
    <subfield code="a">Includes bibliographies and index </subfield>
  </datafield>
  <datafield tag="541" ind1=" " ind2=" ">
    <subfield code="e">5717 c.1, 6526 c.2, 6527 c.3</subfield>
  </datafield>
  <datafield tag="650" ind1=" " ind2=" ">
    <subfield code="a">Business letters</subfield>
  </datafield>
  <datafield tag="650" ind1=" " ind2=" ">
    <subfield code="a">Business communication</subfield>
  </datafield>
  <datafield tag="650" ind1=" " ind2=" ">
    <subfield code="a">English language - Business English </subfield>
  </datafield>
  <datafield tag="952" ind1=" " ind2=" ">
    <subfield code="0">0</subfield>
    <subfield code="1">0</subfield>
    <subfield code="2">ddc</subfield>
    <subfield code="4">0</subfield>
    <subfield code="7">0</subfield>
    <subfield code="a">CTUMB</subfield>
    <subfield code="b">CTUMB</subfield>
    <subfield code="d">2019-01-14</subfield>
    <subfield code="l">0</subfield>
    <subfield code="o">Fil. 651.75 B277 2018</subfield>
    <subfield code="p">5717</subfield>
    <subfield code="r">2022-11-23 00:00:00</subfield>
    <subfield code="t">1</subfield>
    <subfield code="w">2022-11-23</subfield>
    <subfield code="y">BK-FL</subfield>
  </datafield>
  <datafield tag="952" ind1=" " ind2=" ">
    <subfield code="0">0</subfield>
    <subfield code="1">0</subfield>
    <subfield code="2">ddc</subfield>
    <subfield code="4">0</subfield>
    <subfield code="7">0</subfield>
    <subfield code="a">CTUMB</subfield>
    <subfield code="b">CTUMB</subfield>
    <subfield code="d">2020-12-17</subfield>
    <subfield code="l">0</subfield>
    <subfield code="o">Fil. 651.75 B277 2018</subfield>
    <subfield code="p">6526</subfield>
    <subfield code="r">2022-11-23 00:00:00</subfield>
    <subfield code="t">2</subfield>
    <subfield code="w">2022-11-23</subfield>
    <subfield code="y">BK-FL</subfield>
  </datafield>
  <datafield tag="952" ind1=" " ind2=" ">
    <subfield code="0">0</subfield>
    <subfield code="1">0</subfield>
    <subfield code="2">ddc</subfield>
    <subfield code="4">0</subfield>
    <subfield code="7">0</subfield>
    <subfield code="a">CTUMB</subfield>
    <subfield code="b">CTUMB</subfield>
    <subfield code="d">2020-12-17</subfield>
    <subfield code="l">0</subfield>
    <subfield code="o">Fil. 651.75 B277 2018</subfield>
    <subfield code="p">6527</subfield>
    <subfield code="r">2022-11-23 00:00:00</subfield>
    <subfield code="t">3</subfield>
    <subfield code="w">2022-11-23</subfield>
    <subfield code="y">BK-FL</subfield>
  </datafield>
  <datafield tag="999" ind1=" " ind2=" ">
    <subfield code="c">249</subfield>
    <subfield code="d">249</subfield>
  </datafield>
</record>
